| Tag |
First Indicator |
Second Indicator |
Subfields |
| LEADER |
00000cam a2200000 i 4500 |
| 001 |
in00000071041 |
| 005 |
20151008062027.0 |
| 008 |
770615s1973 nyu 00000 eng d |
| 010 |
|
|
|a 72096918
|
| 035 |
|
|
|a (OCoLC)03043627
|
| 035 |
|
|
|9 AAJ9361AM
|
| 037 |
|
|
|c $10.00
|
| 040 |
|
|
|a MST
|c MST
|d TXA
|d UtOrBLW
|
| 049 |
|
|
|a TXAM
|c 1 [1338088], 2 [1500199]
|
| 090 |
|
|
|a BL60
|b H48 1973
|
| 100 |
1 |
|
|a Hill, Michael,
|d 1943-
|
| 245 |
1 |
2 |
|a A sociology of religion.
|
| 264 |
|
1 |
|a New York :
|b Basic Books,
|c [1973]
|
| 300 |
|
|
|a x, 285 pages :
|b illustrations ;
|c 23 cm.
|
| 336 |
|
|
|a text
|b txt
|2 rdacontent
|
| 337 |
|
|
|a unmediated
|b n
|2 rdamedia
|
| 338 |
|
|
|a volume
|b nc
|2 rdacarrier
|
| 504 |
|
|
|a Includes bibliographies.
|
| 650 |
|
0 |
|a Religion and sociology.
|
| 999 |
|
|
|a MARS
|
| 999 |
f |
f |
|s 45512a19-673a-362b-b83e-7495e05b73ae
|i 8d06f677-94b6-3b8a-b7fa-33d22fdc1ff6
|t 0
|
| 952 |
f |
f |
|p ric
|a Texas A&M University
|b Rellis Campus
|c Joint Library Facility
|s JLF
|d Remote Storage
|t 0
|e BL60 H48 1973
|h Library of Congress classification
|i unmediated -- volume
|m A14806089334
|
| 998 |
f |
f |
|a BL60 H48 1973
|t 0
|l Remote Storage
|